[Event "Cannes Open A"]
[Site "Cannes France"]
[EventDate "2007.02.18"]
[Date "2007.02.22"]
[Round "6"]
[White "PIERRARD, Bernard"]
[WhiteTitle "-"]
[WhiteElo "1976"]
[Black "LEVACIC, Adrien"]
[BlackTitle "-"]
[BlackElo "1853"]
[Result "1-0"]
[Source "MonRoi"]

1. b3 d5 2. e3 c5 3. Bb2 a6 4. Nf3 Nc6 5. Be2 e6 6. d4 Nf6 7. O-O Bd6 8. dxc5 Bxc5 9. c4 O-O 10. Nc3 d4 11. Na4 Ba7 12. exd4 Rb8 13. a3 Ne4 14. Qc2 f5 15. Rad1 Qc7 16. Nc3 Nf6 17. d5 Ne5 18. Nxe5 Qxe5 19. Nb5 Qf4 20. Nxa7 Bd7 21. dxe6 Bxe6 22. Bd4 Ng4 23. g3 Qh6 24. Bxg4 fxg4 25. Qd2 Qh3 26. Qg5 Rf7 27. Be5 Rbf8 28. Rd8 Rxd8 29. Qxd8 Rf8 30. Qe7  1-0

[Event "Cannes Open A"]
[Site "Cannes France"]
[EventDate "2007.02.18"]
[Date "2007.02.22"]
[Round "6"]
[White "GIRARD, Jean Pierre"]
[WhiteTitle "-"]
[WhiteElo "2028"]
[Black "AMORIM, Jean Jacques"]
[BlackTitle "-"]
[BlackElo "1730"]
[Result "1-0"]
[Source "MonRoi"]

1. e4 g6 2. d4 Bg7 3. f4 d6 4. Nf3 Nd7 5. Be2 e6 6. Nbd2 Ne7 7. O-O a6 8. Nc4 b5 9. Ne3 Nb6 10. Bd3 c5 11. c3 f5 12. exf5 exf5 13. Qe1 O-O 14. Bd2 Re8 15. Qg3 Nd7 16. a4 Bb7 17. Ng5 c4 18. Bc2 Nf6 19. b3 Ned5 20. axb5 Nxe3 21. Bxe3 axb5 22. bxc4 bxc4 23. Ba4 Re7 24. Bc2 Qe8 25. Rxa8 Bxa8 26. Re1 Be4 27. Bd1 Bd5 28. Nh3 h6 29. Nf2 Nh5 30. Bxh5 gxh5 31. Nd1 Kh7 32. Bd2 Be4 33. Ne3 Bxd4 34. cxd4 Rg7 35. Qxg7 Kxg7 36. Nxf5 Kh7 37. Nxd6 Qd7 38. Nxe4 Qxd4 39. Kf1 Kg6 40. Bc3 Qd3 41. Kf2 h4 42. Re3 Qc2 43. Re2 Qd3 44. Be5 h5 45. Nc3 Qd7 46. Ke1 Qa7 47. Kf1 Qa1 48. Re1 Qa6 49. Bd4 Qd6 50. Re4 Qb8 51. Kf2 Kf5 52. Ke3 Qa8 53. Re5 Kg6 54. Rg5 Kf7 55. f5 Qe8 56. Ne4 Qa4 57. Kf4 Qd1 58. Ke5 Qe1 59. Rxh5 Qa5 60. Kf4 Qa4 61. Rxh4 Qd1 62. Rh7 Ke8 63. Nf6 Kd8 64. Rd7 Kc8 65. g4 Qd2 66. Be3 Qxh2 67. Kg5 c3 68. Rd5 c2 69. Rc5 Kb7 70. Bf4 Qe2 71. Nd5 Ka8 72. Ne3  1-0

[Event "Cannes Open A"]
[Site "Cannes France"]
[EventDate "2007.02.18"]
[Date "2007.02.22"]
[Round "6"]
[White "GALLUCCI, Alessio"]
[WhiteTitle "-"]
[WhiteElo "1910"]
[Black "POIRRIER, Yvan"]
[BlackTitle "-"]
[BlackElo "1690"]
[Result "1-0"]
[Source "MonRoi"]

1. e4 c6 2. d4 d5 3. e5 Bf5 4. Nc3 e6 5. g4 Bg6 6. Nge2 Bb4 7. Bd2 Nd7 8. h4 h5 9. Nf4 Bxc3 10. Bxc3 Nh6 11. Nxg6 fxg6 12. Qd3 Nf8 13. gxh5 gxh5 14. Bd2 Nf5 15. Bg5 Qb6 16. O-O-O Kd7 17. Bh3 g6 18. Bxf5 gxf5 19. Rhg1 a5 20. Bf6 Rh7 21. Rg8 Re8 22. Rdg1 Qb4 23. a3 Qc4 24. Qxc4 dxc4 25. R1g7 Rxg7 26. Rxg7 Kc8 27. Rg8 Kd7 28. Kd2 b5 29. c3 a4 30. Ke3 Rc8 31. Rg7  1-0

[Event "Cannes Open A"]
[Site "Cannes France"]
[EventDate "2007.02.18"]
[Date "2007.02.22"]
[Round "6"]
[White "STOJANOVIC, Dimitri"]
[WhiteTitle "-"]
[WhiteElo "1300"]
[Black "PERANO, Simone"]
[BlackTitle "-"]
[BlackElo "1584"]
[Result "1/2-1/2"]
[Source "MonRoi"]

1. e4 c5 2. Bc4 Nc6 3. Nf3 e6 4. Nc3 g6 5. d3 Bg7 6. Bd2 Nge7 7. Bb3 a6 8. a4 d5 9. O-O O-O 10. Qc1 Rb8 11. Bh6 b5 12. Bxg7 Kxg7 13. Ne2 c4 14. exd5 exd5 15. axb5 axb5 16. dxc4 dxc4 17. Rd1 Qc7 18. Ba2 Bg4 19. b3 Bxf3 20. gxf3 Nb4 21. Qb2+ Kg8 22. c3 Nd3 23. Qc2 Rfd8 24. Nd4 Nf4 25. bxc4 bxc4 26. Rab1 Qc5 27. Qe4 Qg5++ 28. Kf1 Qg2 29. Ke1 Qg1+ 30. Kd2 Qxf2 31. Kc1 Nd3++ 32. Rxd3 cxd3 33. Bxf7 Kxf7 34. Qf4 Nf5 35. Qc7 Ne7 36. Qf4 Kg8 37. Rxb8 d2 38. Kc2 d1Q 39. Kxd1 Qf1  1/2-1/2

[Event "Cannes Open A"]
[Site "Cannes France"]
[EventDate "2007.02.18"]
[Date "2007.02.23"]
[Round "7"]
[White "PALAC, Mladen"]
[WhiteTitle "GM"]
[WhiteElo "2571"]
[Black "NIKCEVIC, Nebojsa"]
[BlackTitle "GM"]
[BlackElo "2448"]
[Result "1/2-1/2"]
[Source "MonRoi"]

1. e4 e5 2. Nf3 Nf6 3. Nxe5 d6 4. Nf3 Nxe4 5. d4 d5 6. Bd3 Nc6 7. O-O Be7 8. c4 Nb4 9. Be2 O-O 10. a3 Nc6 11. cxd5 Qxd5 12. Nc3 Nxc3 13. bxc3 Bf5 14. Re1 Rfe8 15. Bf4 Rac8 16. Qa4 Bd7 17. Rab1 Bf6 18. Qd1 b6 19. Ba6 Rxe1 20. Qxe1 Re8 21. Qf1 Bd8 22. Bb5 Na5 23. c4 Bxb5 24. cxb5 c6 25. a4 Bf6 26. Be5 Be7  1/2-1/2

[Event "Cannes Open A"]
[Site "Cannes France"]
[EventDate "2007.02.18"]
[Date "2007.02.23"]
[Round "7"]
[White "WOHL, Aleksandar"]
[WhiteTitle "-"]
[WhiteElo "2425"]
[Black "ZELCIC, Robert"]
[BlackTitle "GM"]
[BlackElo "2557"]
[Result "0-1"]
[Source "MonRoi"]

1. g3 e5 2. Bg2 d5 3. d3 g6 4. Nf3 Bg7 5. O-O Ne7 6. c4 O-O 7. cxd5 Nxd5 8. Bg5 Qd6 9. Qc1 Bg4 10. Bh6 Nc6 11. Bxg7 Kxg7 12. Nc3 Nf6 13. h3 Bxf3 14. Bxf3 Rab8 15. Rd1 Rfd8 16. Rb1 Nd4 17. Bg2 c5 18. e3 Ne6 19. b3 Qe7 20. Qb2 b6 21. Rd2 h5 22. Rbd1 h4 23. g4 Nc7 24. d4 exd4 25. exd4 Rxd4 26. Rxd4 cxd4 27. Ne2 Rd8 28. Rxd4 Qe5 29. Qd2 Re8 30. g5 Nh7 31. Nc3 Nxg5 32. Rxh4 Nce6 33. f4 Qc5 34. Kh1 Rd8 35. Nd5 Nd4 36. fxg5 Rxd5 37. b4 Qd6 38. Rf4 Ne6 39. Rxf7 Kxf7 40. Qxd5 Qxb4 41. Qb7 Qe7 42. Qf3 Kg7 43. Qc3 Kh7 44. Qe5 Qd7 45. h4 Ng7 46. Kh2 Qa4 47. Bd5 Qxh4 48. Kg1 Qg4 49. Kh1 Qd7 50. Bb3 Nh5 51. Kh2 Ng7 52. Qb8 Qd2 53. Kh3 Qe3 54. Kh2 Qf2 55. Kh3 Qf3 56. Qg3 Qh1 57. Kg4 Qh5 58. Kf4 Qe2 59. Qf3 Qh2 60. Ke4  0-1

[Event "Cannes Open A"]
[Site "Cannes France"]
[EventDate "2007.02.18"]
[Date "2007.02.23"]
[Round "7"]
[White "DUBREUIL, Julien"]
[WhiteTitle "-"]
[WhiteElo "2278"]
[Black "BOSIOCIC, Marin"]
[BlackTitle "IM"]
[BlackElo "2474"]
[Result "0-1"]
[Source "MonRoi"]

1. d4 Nf6 2. c4 g6 3. Nf3 Bg7 4. g3 d5 5. cxd5 Nxd5 6. Bg2 Nb6 7. Nc3 Nc6 8. d5 Bxc3 9. bxc3 Qxd5 10. Qxd5 Nxd5 11. Nd4 Nxd4 12. cxd4 c6 13. Ba3 f5 14. O-O Be6 15. Rfc1 Kd7 16. e3 Rhe8 17. Rc2 Rac8 18. Rb1 b6 19. Bc1 Nf6 20. a4 Bd5 21. f3 g5 22. e4 fxe4 23. Bxg5 exf3 24. Bh3 Be6 25. Bxe6 Kxe6 26. Re1 Kd5 27. Re5 Kxd4 28. Rf5 Ne4 29. Bh6 f2 30. Kf1 e5 31. Rf7 Red8 32. Rxa7 c5 33. Rb7 Rc6 34. Bc1 c4 35. Ke2 c3 36. Be3 Kc4 37. Rf7 Kb3 38. Rc1 Kb2 39. Rf1 c2 40. Bc1 Kb1 41. Bg5 Rd1  0-1

[Event "Cannes Open A"]
[Site "Cannes France"]
[EventDate "2007.02.18"]
[Date "2007.02.23"]
[Round "7"]
[White "FOISOR, Ovidiu Doru"]
[WhiteTitle "IM"]
[WhiteElo "2418"]
[Black "FARGERE, Francois"]
[BlackTitle "FM"]
[BlackElo "2330"]
[Result "1/2-1/2"]
[Source "MonRoi"]

1. d4 d5 2. c4 c6 3. e3 Nf6 4. Nc3 e6 5. Nf3 Nbd7 6. Qc2 Bd6 7. b3 O-O 8. Be2 Qe7 9. O-O b6 10. e4 Nxe4 11. Nxe4 dxe4 12. Qxe4 Bb7 13. Bg5 Nf6 14. Bxf6 Qxf6 15. Ne5 Qe7 16. Bf3 Rac8 17. Rad1 Ba8 18. Qe2 Qc7 19. Rfe1 Bb4 20. Rf1 Bd6 21. Rfe1 Bb4 22. Rf1 Bd6  1/2-1/2

[Event "Cannes Open A"]
[Site "Cannes France"]
[EventDate "2007.02.18"]
[Date "2007.02.23"]
[Round "7"]
[White "VERNAY, Clovis"]
[WhiteTitle "FM"]
[WhiteElo "2341"]
[Black "FELLER, Sebastien"]
[BlackTitle "FM"]
[BlackElo "2431"]
[Result "0-1"]
[Source "MonRoi"]

1. d4 Nf6 2. c4 g6 3. Nc3 Bg7 4. e4 d6 5. f3 O-O 6. Be3 c5 7. d5 e6 8. Qd2 exd5 9. cxd5 a6 10. a4 Nbd7 11. Nh3 Ne5 12. Nf2 h5 13. Be2 Nh7 14. h3 g5 15. g3 Ng6 16. f4 h4 17. fxg5 hxg3 18. Ng4 b5 19. axb5 Bxg4 20. Bxg4 Ne5 21. Be2 g2 22. Rg1 axb5 23. Rxa8 Qxa8 24. Nxb5 Qc8 25. Bf2 Qxh3 26. Qe3 Qd7 27. Rxg2 Rb8 28. Nc3 Rxb2 29. Kf1 Rb3 30. Be1 Nf8 31. Rg3 Qe7 32. Qc1 Neg6 33. Qc2 Rb4 34. Rg4 Qe5 35. Nd1 Qh2 36. Bxb4 Bd4 37. Ke1 Ne5 38. Bd2 Qh1 39. Bf1 Nxg4 40. Bf4 Qh4 41. Kd2 Nf2 42. Be3 Bxe3 43. Nxe3 Nxe4 44. Kd3 Ng6  0-1

[Event "Cannes Open A"]
[Site "Cannes France"]
[EventDate "2007.02.18"]
[Date "2007.02.23"]
[Round "7"]
[White "MOGRANZINI, Roberto"]
[WhiteTitle "FM"]
[WhiteElo "2401"]
[Black "OLIVIER, Jean Christophe"]
[BlackTitle "IM"]
[BlackElo "2365"]
[Result "1-0"]
[Source "MonRoi"]

1. e4 e5 2. Nf3 Nc6 3. Bb5 a6 4. Ba4 d6 5. c3 Bd7 6. d4 g6 7. O-O Bg7 8. Re1 Qe7 9. d5 Nd8 10. Bxd7 Qxd7 11. c4 Ne7 12. Nc3 O-O 13. b4 a5 14. Ba3 b6 15. bxa5 Rxa5 16. Bb4 Ra8 17. a4 Nb7 18. Re2 Bh6 19. Rea2 f5 20. Qe2 Kh8 21. h3 Ng8 22. a5 bxa5 23. Bxa5 Nc5 24. Bb4 Rxa2 25. Rxa2 Nxe4 26. Nxe4 fxe4 27. Qxe4 Nf6 28. Qc2 Rb8 29. Bd2 Bxd2 30. Qxd2 Qf5 31. Rb2 Ra8 32. Qe3 Nd7 33. Rb7 e4 34. Ng5 Ne5 35. Rxc7 Kg8 36. Nxe4 Rd8 37. Qg5 Qxg5 38. Nxg5  1-0

[Event "Cannes Open A"]
[Site "Cannes France"]
[EventDate "2007.02.18"]
[Date "2007.02.23"]
[Round "7"]
[White "CLERY, Nicolas"]
[WhiteTitle "FM"]
[WhiteElo "2324"]
[Black "FOISOR, Cristina Adela"]
[BlackTitle "IM"]
[BlackElo "2399"]
[Result "1-0"]
[Source "MonRoi"]

1. d4 Nf6 2. c4 c5 3. d5 e5 4. Nc3 d6 5. e4 Nbd7 6. Nf3 Be7 7. Be2 a6 8. a3 O-O 9. O-O Ne8 10. Rb1 g6 11. Bh6 Ng7 12. Qd2 Nf6 13. Ne1 Kh8 14. Nd3 Ng8 15. Be3 f5 16. f3 f4 17. Bf2 h5 18. b4 b6 19. bxc5 bxc5 20. Na4 g5 21. Nb6 Rb8 22. Nxc8 Rxc8 23. Rb7 Rb8 24. Qb2 Rxb7 25. Qxb7 Qa5 26. Qb2 Nh6 27. Rb1 g4 28. Be1 Qa4 29. Qb3 Qe8 30. Qb6 gxf3 31. Bxf3 Ng4 32. Qxa6 Ne3 33. Rb7 Kh7 34. a4 Rg8 35. a5 h4 36. h3 Bf8 37. Bxh4 Qa4 38. Qb5 Qa1 39. Ne1 Kh6 40. Qd7 Qd4 41. Bf2 Qxc4 42. Bxe3 fxe3 43. Qf7 Rh8 44. Qf6 Kh7 45. Bg4  1-0

[Event "Cannes Open A"]
[Site "Cannes France"]
[EventDate "2007.02.18"]
[Date "2007.02.23"]
[Round "7"]
[White "HESS, Robert"]
[WhiteTitle "FM"]
[WhiteElo "2394"]
[Black "FOISOR, Sabina Francesca"]
[BlackTitle "WIM"]
[BlackElo "2342"]
[Result "1-0"]
[Source "MonRoi"]

1. e4 e6 2. d4 d5 3. Nc3 Bb4 4. e5 c5 5. a3 Bxc3 6. bxc3 Qa5 7. Bd2 Qa4 8. Qb1 c4 9. Ne2 f6 10. f4 Ne7 11. g3 Nbc6 12. Bh3 f5 13. g4 Bd7 14. gxf5 exf5 15. Be3 O-O-O 16. Kd2 Kb8 17. Bg2 Be6 18. Qb2 Nc8 19. Bf3 Nb6 20. Rhg1 g6 21. Bf2 Rd7 22. Rab1 Qa5 23. h4 Rg8 24. Rg3 Na4 25. Qb5 Qxb5 26. Rxb5 a6 27. Rb1 Kc7 28. Ng1 Rdg7 29. Nh3 h6 30. Rbg1 Na7 31. h5 Nb5 32. Rxg6 Rxg6 33. hxg6 Naxc3 34. g7 Ne4 35. Bxe4 c3 36. Kc1 dxe4 37. a4 Na3 38. Be1 Kd7 39. Rg3 Nc4 40. Bxc3 a5 41. Rg6 b6 42. Rxh6 Rxg7 43. d5 Rg2 44. dxe6 Kc6 45. Be1 e3 46. e7 Kd7 47. e6 Kxe7 48. Bh4 Kd6 49. e7 Kd7 50. Rh8 Nd6 51. Rd8 Kc7 52. Rxd6 Rg8 53. Rd8  1-0

[Event "Cannes Open A"]
[Site "Cannes France"]
[EventDate "2007.02.18"]
[Date "2007.02.23"]
[Round "7"]
[White "PULITO, Alberto"]
[WhiteTitle "-"]
[WhiteElo "2239"]
[Black "HOMMELES, Theo"]
[BlackTitle "FM"]
[BlackElo "2375"]
[Result "1/2-1/2"]
[Source "MonRoi"]

1. e4 c5 2. c3 d5 3. exd5 Qxd5 4. d4 g6 5. Nf3 Bg7 6. Be3 Nf6 7. Be2 cxd4 8. cxd4 O-O 9. Nc3 Qd6 10. O-O Nc6 11. a3 Bf5 12. Qb3 Ne4 13. Rfd1 a6 14. Qb6 Nxc3 15. bxc3 Qd8 16. d5 Na5 17. Qxd8 Rfxd8 18. Bb6 Nb3 19. Bxd8 Rxd8 20. Ra2 Bxc3 21. Bc4 Nc5 22. Re2 Kf8 23. h3 h5 24. Re3 Bf6 25. Ba2 g5 26. Ne5 e6 27. f3 b5 28. g4 hxg4 29. hxg4 Bh7 30. Kg2 Kg7 31. d6 Bc2 32. Rd2 Be4 33. Nxf7 Kxf7 34. fxe4 Be5 35. Rd1 Bxd6 36. e5 Be7 37. Rxd8 Bxd8 38. Rc3 Be7 39. Kf3 Ke8 40. Ke3 Kd7 41. Kd4 Nb7 42. Bb1 Bd8 43. Rh3 Bb6 44. Kc3 Ba5 45. Kd3 Nc5 46. Kd4 Kc6 47. Be4 Kb6 48. Rh6 Be1 49. Rf6 Nb3 50. Ke3 Bd2 51. Kd3 Ka5 52. Kc2 Ka4 53. Bb7 a5 54. Bc6 Bf4 55. Bxb5 Kxa3 56. Kd3 Bxe5 57. Rg6 Nc5 58. Kc4 Ne4 59. Rxe6 Nd2 60. Kd3 Bf4 61. Bd7 Nf3 62. Ke4 Nd2 63. Kf5 Nb3 64. Rb6 Be3 65. Rd6 Bf4 66. Rg6 Nc5 67. Be8 Kb4 68. Rxg5 Bxg5 69. Kxg5 a4 70. Bxa4 Kxa4  1/2-1/2

[Event "Cannes Open A"]
[Site "Cannes France"]
[EventDate "2007.02.18"]
[Date "2007.02.23"]
[Round "7"]
[White "SAATDJIAN, Thomas"]
[WhiteTitle "-"]
[WhiteElo "2187"]
[Black "SARAVANAN, V"]
[BlackTitle "IM"]
[BlackElo "2374"]
[Result "1-0"]
[Source "MonRoi"]

1. Nf3 Nf6 2. c4 e6 3. g3 d5 4. d4 Be7 5. Bg2 O-O 6. O-O c6 7. Qc2 Nbd7 8. Nbd2 b6 9. e4 dxc4 10. Nxc4 Ba6 11. b3 c5 12. dxc5 Nxc5 13. Rd1 Qc8 14. Nd4 Rd8 15. Bb2 Bb7 16. Nd2 Qd7 17. Rac1 Qe8 18. Qb1 e5 19. Nf5 Bf8 20. Nc4 Bxe4 21. Bxe4 Ncxe4 22. Bxe5 Rxd1 23. Rxd1 Nxf2 24. Re1 Bc5 25. Bd4 Nh3 26. Kg2 Qc6 27. Kxh3  1-0

[Event "Cannes Open A"]
[Site "Cannes France"]
[EventDate "2007.02.18"]
[Date "2007.02.23"]
[Round "7"]
[White "BRUNED, Yvain"]
[WhiteTitle "FM"]
[WhiteElo "2335"]
[Black "HRZICA, Rok"]
[BlackTitle "-"]
[BlackElo "2257"]
[Result "1/2-1/2"]
[Source "MonRoi"]

1. e4 c6 2. d4 d5 3. Nc3 dxe4 4. Nxe4 Bf5 5. Ng3 Bg6 6. h4 h6 7. Nf3 Nd7 8. h5 Bh7 9. Bd3 Bxd3 10. Qxd3 Ngf6 11. Bd2 Qc7 12. O-O-O e6 13. Ne4 O-O-O 14. g3 Nxe4 15. Qxe4 Bd6 16. c4 c5 17. Qe2 Kb8 18. Kb1 Nf6 19. Bc3 Ka8 20. dxc5 Qxc5 21. Ne5 Bxe5 22. Bxe5 Rxd1 23. Rxd1 Nxh5 24. Qxh5 f6 25. b4 Qxe5 26. Qxe5 fxe5 27. Re1 Rc8 28. c5 a5 29. Rxe5 axb4 30. Kb2 Rf8 31. f4 Rf5 32. Rxe6 Rxc5 33. Rg6 Rc7 34. Kb3 Ka7 35. Kxb4 b6  1/2-1/2

[Event "Cannes Open A"]
[Site "Cannes France"]
[EventDate "2007.02.18"]
[Date "2007.02.23"]
[Round "7"]
[White "ASTENGO, Corrado"]
[WhiteTitle "-"]
[WhiteElo "2085"]
[Black "ARANOVITCH, Emiliano"]
[BlackTitle "-"]
[BlackElo "2297"]
[Result "0-1"]
[Source "MonRoi"]

1. e4 c5 2. Nf3 d6 3. d4 cxd4 4. Nxd4 Nf6 5. Nc3 Nc6 6. Bc4 e6 7. O-O a6 8. Be3 Be7 9. f4 Qc7 10. Bd3 O-O 11. Qf3 Nxd4 12. Bxd4 e5 13. fxe5 dxe5 14. Qg3 Bc5 15. Bxc5 Qxc5 16. Kh1 Qe7 17. Qh4 Be6 18. Rf3 Nd5 19. Qxe7 Nxe7 20. Re3 Rfd8 21. Kg1 Rd4 22. a3 Rad8 23. Ne2 R4d6 24. Nc3 f6 25. Na4 Rc8 26. Kf2 Kf8 27. Ke1 b5 28. Nc3 Nc6 29. Nd5 Bxd5 30. exd5 Ne7 31. a4 b4 32. Rd1 Rxd5 33. Bxa6 Rxc2 34. Rb3 Rxg2 35. Rxd5 Nxd5 36. Bb7 Rg1 37. Kf2 Rd1 38. a5 Nc7 39. Rxb4 Ra1 40. Rc4 Nb5 41. Rc5 Nd6 42. a6 Rxa6 43. Bxa6 Ne4 44. Ke3 Nxc5 45. Bb5 Ke7 46. b4 Ne6 47. Ke4 Kd6  0-1

[Event "Cannes Open A"]
[Site "Cannes France"]
[EventDate "2007.02.18"]
[Date "2007.02.23"]
[Round "7"]
[White "LECONTE, Maria"]
[WhiteTitle "WGM"]
[WhiteElo "2377"]
[Black "DIOTALLEVI, Maurizio"]
[BlackTitle "-"]
[BlackElo "2154"]
[Result "1-0"]
[Source "MonRoi"]

1. e4 e6 2. d4 d5 3. Nc3 Bb4 4. e5 c5 5. a3 Bxc3 6. bxc3 Nc6 7. Nf3 Qa5 8. Bd2 Nge7 9. Be2 Bd7 10. O-O f6 11. c4 Qc7 12. cxd5 Nxd5 13. c4 Nde7 14. exf6 gxf6 15. d5 exd5 16. cxd5 Nxd5 17. Qc2 b6 18. Ba6 Bc8 19. Qe4 Nce7 20. Bc4 Bb7 21. Qg4 Qd7 22. Qh5 Kd8 23. Rad1 Bc6 24. Rfe1 Ba4 25. Bf4 Bxd1 26. Rxd1 Nxf4 27. Rxd7 Kxd7 28. Qg4  1-0

[Event "Cannes Open A"]
[Site "Cannes France"]
[EventDate "2007.02.18"]
[Date "2007.02.23"]
[Round "7"]
[White "CORDARA, Michele"]
[WhiteTitle "FM"]
[WhiteElo "2169"]
[Black "FIERRO BAQUERO, Martha"]
[BlackTitle "IM"]
[BlackElo "2339"]
[Result "0-1"]
[Source "MonRoi"]

1. c4 g6 2. g3 Bg7 3. Bg2 c6 4. Nc3 d6 5. d4 Nf6 6. Nf3 O-O 7. O-O Qa5 8. e4 e5 9. h3 exd4 10. Nxd4 Qc5 11. Nde2 Qxc4 12. Qxd6 Na6 13. Be3 Re8 14. Rac1 Be6 15. Rfd1 Qb4 16. Qxb4 Nxb4 17. Nf4 Bc8 18. Rd4 Bf8 19. a3 Na6 20. Nd3 Nd7 21. e5 Nac5 22. Ne4 Nxe4 23. Rxe4 Nb6 24. f4 Bf5 25. Rd4 f6 26. Nc5 fxe5 27. fxe5 Rxe5 28. Nxb7 Rxe3 29. Bxc6 Bh6 30. Kf2 Rf8  0-1

[Event "Cannes Open A"]
[Site "Cannes France"]
[EventDate "2007.02.18"]
[Date "2007.02.23"]
[Round "7"]
[White "MUFIC, Goran"]
[WhiteTitle "IM"]
[WhiteElo "2312"]
[Black "SORCINELLI, Francesco"]
[BlackTitle "-"]
[BlackElo "2123"]
[Result "1/2-1/2"]
[Source "MonRoi"]

1. Nf3 d6 2. d4 f5 3. Nc3 Nf6 4. Bg5 Nbd7 5. Qd3 e6 6. e4 fxe4 7. Nxe4 Be7 8. Ned2 O-O 9. Be2 Nd5 10. Bxe7 Qxe7 11. g3 b6 12. c4 N5f6 13. O-O e5 14. dxe5 Nxe5 15. Nxe5 Qxe5 16. Bf3 Bf5 17. Qa3 Rae8 18. Bc6 Bh3 19. Nf3 Qf5 20. Nh4 Qg4 21. Bf3 Qxc4 22. Rfc1 Qd4 23. Rxc7 Ne4 24. Qb3 Kh8 25. Qc2 Nd2 26. Qc3 Qxc3 27. Rxc3 g5 28. Bg2 Bxg2 29. Nxg2 Re2 30. f4 g4 31. Nh4 Ne4 32. Rc7 Rxb2 33. Re1 d5 34. Rxa7 Rc8 35. Rd7 Nf2 36. Nf5 Nh3 37. Kh1 Nf2 38. Kg1 Nh3 39. Kh1 Rxa2 40. Nh6 Nf2 41. Kg1 Nh3  1/2-1/2

[Event "Cannes Open A"]
[Site "Cannes France"]
[EventDate "2007.02.18"]
[Date "2007.02.23"]
[Round "7"]
[White "DIMITROV, Christo"]
[WhiteTitle "FM"]
[WhiteElo "2299"]
[Black "MALEKI, Nicolas"]
[BlackTitle "-"]
[BlackElo "2116"]
[Result "0-1"]
[Source "MonRoi"]

1. Nf3 d5 2. d4 Nf6 3. c4 c6 4. Nc3 dxc4 5. a4 Bf5 6. e3 e6 7. Bxc4 Bb4 8. O-O O-O 9. Nh4 Nbd7 10. Nxf5 exf5 11. Qc2 g6 12. f3 Qb6 13. Qf2 a5 14. Bd2 c5 15. d5 Ne5 16. Qe2 Nxc4 17. Qxc4 Rfe8 18. Rad1 Nd7 19. Bc1 Ne5 20. Qb5 Qd6 21. Qe2 Bxc3 22. bxc3 c4 23. Qa2 Nd3 24. Qxc4 Nxc1 25. Rxc1 Rxe3 26. Qd4 Rae8 27. c4 b6 28. c5 bxc5 29. Qxc5 Qf4 30. Qc4 Qg5 31. Rc2 Re1 32. f4 Qe7 33. Rxe1 Qxe1 34. Qf1 Qb4 35. Qc4 Qe1 36. Qf1 Qb4 37. Qc4 Qb6 38. Qc5 Qb1 39. Kf2 Qe1 40. Kf3 Qd1 41. Kf2 Qe1 42. Kf3 Qe4 43. Kg3 g5 44. Rf2 Qe1  0-1

[Event "Cannes Open A"]
[Site "Cannes France"]
[EventDate "2007.02.18"]
[Date "2007.02.23"]
[Round "7"]
[White "VILLENEUVE, Alain"]
[WhiteTitle "IM"]
[WhiteElo "2287"]
[Black "ARSENAULT, Nicolas"]
[BlackTitle "-"]
[BlackElo "2112"]
[Result "0-1"]
[Source "MonRoi"]

1. d4 Nf6 2. c4 e6 3. Nc3 Bb4 4. e3 b6 5. Bd3 Bb7 6. Nf3 Ne4 7. O-O f5 8. d5 Bxc3 9. bxc3 Na6 10. Nd4 Nec5 11. Bc2 O-O 12. f3 g6 13. e4 f4 14. e5 exd5 15. Nb5 dxc4 16. Qd4 Ne6 17. Qxc4 Nac5 18. a4 Ba6 19. Qa2 c6 20. Nd6 Bxf1 21. Kxf1 Qg5 22. Bb2 Qh4 23. Kg1 Rab8 24. Qc4 a6 25. Qe2 b5 26. axb5 axb5 27. Rd1 Ra8 28. Bb1 Qd8 29. Ne4 Nxe4 30. Bxe4 Qb6 31. Kh1 Nc5 32. Bb1 Qc7 33. c4 b4 34. Rd6 Ne6 35. Qd2 Ra7 36. Qxb4 Rb8 37. Qc3 Rab7 38. Rd2 Rb3 39. Qc1 Qb7  0-1

[Event "Cannes Open A"]
[Site "Cannes France"]
[EventDate "2007.02.18"]
[Date "2007.02.23"]
[Round "7"]
[White "FLEAR, Christine"]
[WhiteTitle "WIM"]
[WhiteElo "2160"]
[Black "DEBRAY, Christopher"]
[BlackTitle "-"]
[BlackElo "2278"]
[Result "1/2-1/2"]
[Source "MonRoi"]

1. Nf3 Nf6 2. b3 e6 3. Bb2 c5 4. e3 b6 5. d4 Bb7 6. Bd3 Be7 7. Nbd2 O-O 8. O-O Nc6 9. a3 d6 10. Qe2 Qc8 11. Rac1 Re8 12. Rfd1 Bf8 13. dxc5 bxc5 14. Ng5 e5 15. Nde4 Nxe4 16. Bxe4 h6 17. Qh5 Nd8 18. Bh7 Kh8 19. Be4 c4 20. a4 Kg8 21. Bh7 Kh8 22. Be4 Kg8 23. Bh7 Kh8  1/2-1/2

[Event "Cannes Open A"]
[Site "Cannes France"]
[EventDate "2007.02.18"]
[Date "2007.02.23"]
[Round "7"]
[White "VAN HEIRZEELE, Daniel"]
[WhiteTitle "-"]
[WhiteElo "2234"]
[Black "HERVAIS, Adrien"]
[BlackTitle "-"]
[BlackElo "2071"]
[Result "1-0"]
[Source "MonRoi"]

1. d4 d5 2. c4 c6 3. Nf3 dxc4 4. g3 Bf5 5. Nc3 Nf6 6. Bg2 Nbd7 7. O-O e6 8. Nh4 Bg6 9. Nxg6 hxg6 10. e4 Bb4 11. d5 Nc5 12. Bg5 e5 13. Qc2 Qc7 14. dxc6 Bxc3 15. cxb7 Rb8 16. Qxc3 Ncxe4 17. Qe3 Nxg5 18. Qxg5 O-O 19. Rfe1 Rfe8 20. Rac1 e4 21. b3 c3 22. Qe3 Nd5 23. Qd4 Qe5 24. Qxe5 Rxe5 25. Rxe4 Rf5 26. Rd4 Nb6 27. Rxc3 Re5 28. f4 Re1 29. Kf2 Re7 30. Rd6 Kf8 31. a4 f6 32. a5 Nd7 33. Rc8 Kf7 34. Bd5  1-0

[Event "Cannes Open A"]
[Site "Cannes France"]
[EventDate "2007.02.18"]
[Date "2007.02.23"]
[Round "7"]
[White "RAVOT, Sylvain"]
[WhiteTitle "-"]
[WhiteElo "2218"]
[Black "WAGNER, Steven"]
[BlackTitle "-"]
[BlackElo "2083"]
[Result "1-0"]
[Source "MonRoi"]

1. e4 c5 2. Nf3 d6 3. d4 cxd4 4. Nxd4 Nf6 5. Nc3 g6 6. g3 Nc6 7. Nde2 Bg4 8. Bg2 Ne5 9. h3 Bf3 10. O-O Bg7 11. Bxf3 Nxf3 12. Kg2 Ne5 13. Rb1 O-O 14. Bg5 h6 15. Bxf6 Bxf6 16. Nd5 Bg7 17. b3 e6 18. Ne3 Qb6 19. Qd2 Qc6 20. Nd4 Qc5 21. Rbd1 Rac8 22. c4 a6 23. f4 Nc6 24. Ndc2 Rcd8 25. Kh2 f5 26. Qd3 Nb4 27. Nxb4 Qxb4 28. exf5 gxf5 29. Rfe1 Qc3 30. Qb1 Qf6 31. Rf1 h5 32. Qc2 Bh6 33. Qg2 Qf7 34. Qf3 Kh7 35. Rd3 Rd7 36. Ng2 e5 37. fxe5 dxe5 38. Rxd7 Qxd7 39. Qxh5 e4 40. g4 Qd6 41. Kh1 fxg4 42. Rf7 Kh8 43. Rxf8 Qxf8 44. hxg4 Qf3 45. Qxh6 Kg8 46. g5 Qd1 47. Kh2 e3 48. Qe6 Kf8 49. Qxe3 Qh5 50. Kg3 Qg6 51. Qf4 Kg8 52. Qb8 Kh7 53. Qxb7 Kh8 54. Qc8 Kh7 55. Qd7 Kh8 56. Qd8 Kh7 57. Nf4  1-0

[Event "Cannes Open A"]
[Site "Cannes France"]
[EventDate "2007.02.18"]
[Date "2007.02.23"]
[Round "7"]
[White "DELABACA, Romuald"]
[WhiteTitle "-"]
[WhiteElo "2160"]
[Black "BRUNED, Boris"]
[BlackTitle "-"]
[BlackElo "2211"]
[Result "1/2-1/2"]
[Source "MonRoi"]

1. d4 Nf6 2. c4 e6 3. Nf3 b6 4. g3 Ba6 5. Qc2 Bb4 6. Bd2 Be7 7. Bg2 d5 8. Ne5 O-O 9. O-O c6 10. cxd5 cxd5 11. Nc3 Qc8 12. Rac1 Qb7 13. Rfe1 Rc8 14. Qb3 Nc6 15. Nxc6 Rxc6 16. Nb5 Rac8 17. a4 Qd7  1/2-1/2

[Event "Cannes Open A"]
[Site "Cannes France"]
[EventDate "2007.02.18"]
[Date "2007.02.23"]
[Round "7"]
[White "VANDERBEEKEN, Mikael"]
[WhiteTitle "-"]
[WhiteElo "2113"]
[Black "WEILL, Roland"]
[BlackTitle "FM"]
[BlackElo "2261"]
[Result "1/2-1/2"]
[Source "MonRoi"]

1. e4 c5 2. Nf3 Nc6 3. d4 cxd4 4. Nxd4 Nf6 5. Nc3 e5 6. Ndb5 d6 7. Bg5 a6 8. Na3 b5 9. Nd5 Be7 10. Bxf6 Bxf6 11. c3 Bg5 12. Nc2 O-O 13. a4 bxa4 14. Rxa4 a5 15. Bc4 Rb8 16. b3 Kh8 17. O-O g6 18. b4 axb4 19. cxb4 Ne7 20. Ra7 Nxd5 21. Bxd5 f5 22. Qd3 Qb6 23. Rfa1 fxe4 24. Qg3 e3 25. fxe3 Bf6 26. Be4 Bg7 27. Qh4 Rf6 28. b5 d5 29. Bxd5 Qxb5 30. Bf3 Qc5 31. Be4  1/2-1/2

[Event "Cannes Open A"]
[Site "Cannes France"]
[EventDate "2007.02.18"]
[Date "2007.02.23"]
[Round "7"]
[White "LIBENS, Michel"]
[WhiteTitle "-"]
[WhiteElo "2104"]
[Black "MULLER, Anne"]
[BlackTitle "WIM"]
[BlackElo "2188"]
[Result "0-1"]
[Source "MonRoi"]

1. e4 c5 2. Nf3 Nc6 3. d4 cxd4 4. Nxd4 Nf6 5. Nc3 d6 6. Bg5 e6 7. Qd2 Be7 8. O-O-O Nxd4 9. Qxd4 O-O 10. e5 dxe5 11. Qxe5 Qe8 12. Qc7 a6 13. Be2 Bd8 14. Qg3 Kh8 15. Qh4 Nd7 16. Bxd8 Qxd8 17. Qxd8 Rxd8 18. Rd2 Re8 19. Rhd1 Nf6 20. Rd8 Kg8 21. g4 h6 22. h4 Kf8 23. g5 hxg5 24. hxg5 Nh7 25. Ne4 Rxd8 26. Rxd8 Ke7 27. Rg8 g6 28. Rh8 Nf8 29. Bf3 Rb8 30. Kd2 b6 31. Nd6 Bd7 32. Ne4 Rc8 33. Nf6 Bc6 34. Ng8 Kd6 35. Rh3 e5 36. Bxc6 Rxc6 37. Nh6 Rc7 38. Rf3 Ne6 39. Nxf7 Kd5 40. Rd3 Nd4 41. Nxe5 Kxe5 42. f4 Ke4 43. c3 Nf5  0-1